000
00265nam a2200097Ia 4500
008
231107s2011 xx 000 0 und d
041
_a
eng
100
_a
Jefferis Alan
245
_a
Architectural Drafting & Design
260
_a
Australia
_b
Delmar Cengage Learning
_c
2011
999
_c
930755
_d
930755